| 000 | 00466nam a2200157Ia 4500 | ||
|---|---|---|---|
| 005 | 20250606014426.0 | ||
| 008 | 240331s9999 xx 000 0 und d | ||
| 020 | _a955652195X | ||
| 082 |
_bPIY _a305 |
||
| 100 | _aPiyaratne, A | ||
| 245 | 0 | _aWathukaraya, kamkaruwa saha wenaswana jeevana ratawa | |
| 260 |
_aMullariyawa _bWijayasooriya Karantha gendraiya _c2005 |
||
| 300 | _a192 p ., | ||
| 500 | _aA book on Plantation. Labour and changing life style | ||
| 942 | _cL | ||
| 999 |
_c2244 _d2244 |
||